Spider-Man No Way Home Characters - Statistics

General Stats
  • This quiz has been taken 515 times
    501 since last reset
  • The average score is 20 of 30
Answer Stats
Hint Answer % Correct
Peter’s girlfriend MJ
98%
Above’s real name Peter Parker
98%
Web-slinger Spider-Man
98%
Peter’s aunt and head of FEAST May Parker
97%
Sorcerer who cast the spell for Peter Doctor Strange
96%
Peter’s best friend Ned Leeds
96%
Villain who was head of Oscorp Green Goblin
90%
Above’s real name Stephen Strange
88%
Villain who fell into electric eels and can control electricity Electro
87%
Villain who controls sand Sandman
86%
Reptilian villain Lizard
83%
Villain with mechanical arms Doctor Octopus
81%
Above’s real name Norman Osborne
79%
Above’s real name Otto Octavius
78%
Blind lawyer Matt Murdock
77%
Spider-Man’s number one fan Flash Thompson
74%
Apartment was crashed by villains Happy Hogan
74%
Newly appointed Sorcerer Supreme Wong
74%
Head of the Daily Bugle J Jonah Jameson
72%
Is inside of and spoke to above in post credit scene Venom
65%
Above’s real name Max Dillon
62%
Above’s real name Curt Connors
57%
Ned’s ex-girlfriend and Daily Bugle reporter Betty Brant
49%
Above’s real name Flint Marko
49%
In the first post credit scene Eddie Brock
36%
Peter’s teacher Roger Harrington
25%
Tony’s robot in Happy’s apartment DUM-E
22%
Peter’s teacher Julius Dell
17%
Peter’s teacher who hates Spider-Man Coach Wilson
14%
Interrogated Peter and his friends Agent Albert Cleary
7%
No matching quizzes found
Score Distribution
Percent of People with Each Score
Percentile by Number Answered
Your Score History
You have not taken this quiz since the last reset